| 000 | 00325pam a2200133 a 4500 | ||
|---|---|---|---|
| 020 |
_a0-304-33795-1 _c |
||
| 041 | _h | ||
| 082 |
_a658.51 _bGAR |
||
| 100 | _aGATISS G.F., | ||
| 245 |
_aTOTAL QUALITY MANAGEMENT _hTextual Documents |
||
| 260 |
_aNEW YORK _bCASSELL WELLINGTION HOUS _c1996 |
||
| 300 | _aXII+158 | ||
| 930 | _a6127 | ||
| 999 |
_c125598 _d125598 |
||